| 000 | 01141nam a2200217 i 4500 | ||
|---|---|---|---|
| 001 | 163794 | ||
| 003 | ES-MaACL | ||
| 005 | 20251012063058.0 | ||
| 008 | 931025s1766 sp |||| | spa d | ||
| 040 |
_aCAM _bspa _cPAB |
||
| 100 | 1 |
_aRodríguez Mohedano, Pedro, _d1722-1783 _9131948 |
|
| 245 | 1 | 0 |
_aHistoria literaria de España _b: desde su primera poblacion hasta nuestros dias : origen, progresos ... de la literatura española ... con las vidas de los hombres sabios ... juicio critico de sus obras ... / _cpor los PP. F. Pedro Rodriguez Mohedano y F. Raphael Rodriguez Mohedano ... del Orden Tercero Regular de N.S.P. San Francisco ... ; [Tomo I]. |
| 260 |
_aEn Madrid : _bEn la Imprenta de Antonio Perez de Soto, _c1766. |
||
| 300 |
_a[16], CXII, 427, [29] p. ; _c4º. |
||
| 594 | _a"Tomo I" tomado de antep. | ||
| 597 | _aSign.: [ ]4, 2¶4, a-o4, A-Z4, 2A-2Z4, 3A-3L4. | ||
| 650 | 4 |
_aLiteratura española- _xHistoria y crítica _914560 |
|
| 700 | 1 |
_aRodríguez Mohedano, Rafael, _d1725-1783 _9131949 |
|
| 852 |
_aES-MaACL _jR-259 _z-- Enc. pasta _q-- Falto de antep. _x Olim: C-3337 |
||
| 999 |
_c163794 _d163794 |
||